Derecho ambiental / (Registro nro. 578)

Detalles MARC
000 -LEADER
campo de control de longitud fija 01240nam a22003857u 4500
001 - NÚMERO DE CONTROL
campo de control 57
003 - IDENTIFICADOR DE NÚMERO DE CONTROL
campo de control gttocutb
005 - FECHA Y HORA DE LA ÚLTIMA TRANSACCIÓN
campo de control 20250506182915.0
007 - CAMPO FIJO DE DESCRIPCIÓN FÍSICA--INFORMACIÓN GENERAL
campo de control de longitud fija ta
008 - DATOS DE LONGITUD FIJA--INFORMACIÓN GENERAL
campo de control de longitud fija 250501b ag ||||| |||| 00| 0 spa u
020 ## - NÚMERO INTERNACIONAL ESTÁNDAR DEL LIBRO
Número Internacional Estándar del Libro 9501407071
040 ## - FUENTE DE CATALOGACIÓN
Centro catalogador/agencia de origen gttocutb
Lengua de catalogación spa
Centro/agencia transcriptor gttocutb
Centro/agencia modificador gttocutb
Normas de descripción rda
082 04 - NÚMERO DE LA CLASIFICACIÓN DECIMAL DEWEY
Número de edición 344.046 PIG
100 1# - ENTRADA PRINCIPAL--NOMBRE DE PERSONA
Nombre de persona Pigretti, Eduardo A.
Término indicativo de función/relación autor
245 1# - MENCIÓN DEL TÍTULO
Título Derecho ambiental /
Mención de responsabilidad, etc. Eduardo A. Pigretti
Medio autor
260 ## - PUBLICACIÓN, DISTRIBUCIÓN, ETC.
Lugar de publicación, distribución, etc. Buenos Aire, Argentina
Fecha de publicación, distribución, etc. 1997
300 1# - DESCRIPCIÓN FÍSICA
Extensión 285 páginas
505 0# - NOTA DE CONTENIDO CON FORMATO
Título Derecho ambiental
505 ## - NOTA DE CONTENIDO CON FORMATO
Información miscelánea Índice
505 ## - NOTA DE CONTENIDO CON FORMATO
Información miscelánea 1.
Título Conceptos generales sobre recursos naturales y ambiente --
505 ## - NOTA DE CONTENIDO CON FORMATO
Información miscelánea 2.
Título La protección jurídica del ambiente natural --
505 ## - NOTA DE CONTENIDO CON FORMATO
Información miscelánea 3.
Título Derecho y cambio global --
505 ## - NOTA DE CONTENIDO CON FORMATO
Información miscelánea 4.
Título Régimen forestal --
505 ## - NOTA DE CONTENIDO CON FORMATO
Información miscelánea 5.
Título Régimen del agua --
505 ## - NOTA DE CONTENIDO CON FORMATO
Información miscelánea 6.
Título El espacio aéreo y exterior --
505 ## - NOTA DE CONTENIDO CON FORMATO
Información miscelánea 7.
Título Policía sanitaria rural --
505 ## - NOTA DE CONTENIDO CON FORMATO
Información miscelánea 8.
Título Protección de la fauna --
505 ## - NOTA DE CONTENIDO CON FORMATO
Información miscelánea 9.
Título Residuos tóxicos y peligrosos --
505 ## - NOTA DE CONTENIDO CON FORMATO
Información miscelánea 10.
Título Conversión de deuda externa por natural.
600 ## - PUNTO DE ACCESO ADICIONAL DE MATERIA--NOMBRE DE PERSONA
Fuente del encabezamiento o término LEMB
650 14 - PUNTO DE ACCESO ADICIONAL DE MATERIA--TÉRMINO DE MATERIA
Fuente del encabezamiento o término LEMB
Término de materia o nombre geográfico como elemento de entrada Derecho
650 ## - PUNTO DE ACCESO ADICIONAL DE MATERIA--TÉRMINO DE MATERIA
Término de materia o nombre geográfico como elemento de entrada Derecho ambiental
700 ## - ENTRADA AGREGADA--NOMBRE PERSONAL
Nombre de persona Eduardo A. Pigretti
Término indicativo de función/relación autor
942 ## - ELEMENTOS DE ENTRADA SECUNDARIOS (KOHA)
Fuente del sistema de clasificación o colocación Clasificación Decimal Dewey
Tipo de ítem Koha Libros
Suprimir en OPAC No
Existencias
Estatus retirado Estado de pérdida Fuente del sistema de clasificación o colocación Estado de daño No para préstamo Código de colección Biblioteca de origen Biblioteca actual Fecha de adquisición Fuente de adquisición Información codificada de la localización en otra ubicación Número de inventario Total de préstamos Signatura topográfica completa Visto por última vez Precio de reemplazo Tipo de ítem Koha
    Clasificación Decimal Dewey     general BIBLIOTECA CUNTOTO BIBLIOTECA CUNTOTO 01/05/2015 donación (fotocopia) 391 D391   344.046 P633 01/05/2025 01/05/2025 Libros